| 000 | 00385nam a22001697a 4500 | ||
|---|---|---|---|
| 005 | 20160621122452.0 | ||
| 008 | 160621b xxu||||| |||| 00| 0 eng d | ||
| 020 | _a978-0-07-0264-37-3 | ||
| 041 | _aeng | ||
| 082 | _b8721 | ||
| 100 |
_aLevy Micheal and Others _92388 |
||
| 245 | _aRetailing Management | ||
| 260 | _bTMH | ||
| 300 | _a692 | ||
| 650 |
_aManagement _9241 |
||
| 942 | _cBK | ||
| 999 |
_c3376 _d3375 |
||